00402nam a2200157Ia 4500008004100000041000800041082001200049100002300061245003600084250000600120260003400126300001400160650003600174650001700210700001700227240401s2022 xx und d aeng a612/PRA aDR.MAHESH PRASAD  aHUMAN ANATOMY AND PHYSIOLOGY -I a4 aPUNE bNIRALI PRAKASHANc2022 aP.B/13.20 aHUMAN ANATOMY AND PHYSIOLOGY -I aPHARMACOLOGY aDR.ANANT JHA